Konsolidačné opatrenia prijaté v oblasti dane z príjmov zákonom č. 261/2025 Z. z.

Dňa 24. 9. 2025 bol schválený ďalší balík konsolidačných opatrení, a to zákonom č. 261/2025 Z. z., ktorým sa menia a dopĺňajú niektoré zákony v súvislosti s konsolidáciou verejných financií. Súčasťou predložených konsolidačných opatrení sú aj úpravy v zákone č. 595/2003 Z. z. o dani z príjmov v z. n...

Descripción completa

Guardado en:
Detalles Bibliográficos
Autor principal: Brnová, Miroslava
Formato: Capítulo de libro
Lenguaje:eslovaco
Materias:
Etiquetas: Agregar Etiqueta
Sin Etiquetas, Sea el primero en etiquetar este registro!

MARC

LEADER 00000naa a2200000 4500
001 0313565
005 20251210112411.8
041 0 |a slo 
044 |a SK 
245 1 0 |a Konsolidačné opatrenia prijaté v oblasti dane z príjmov zákonom č. 261/2025 Z. z.  |c Miroslava Brnová 
520 |a Dňa 24. 9. 2025 bol schválený ďalší balík konsolidačných opatrení, a to zákonom č. 261/2025 Z. z., ktorým sa menia a dopĺňajú niektoré zákony v súvislosti s konsolidáciou verejných financií. Súčasťou predložených konsolidačných opatrení sú aj úpravy v zákone č. 595/2003 Z. z. o dani z príjmov v z. n. p., a to v oblasti sadzieb dane, nezdaniteľných častí základu dane, minimálnej dane pre právnické osoby a zavedenia osobitného základu dane z výnosov (príjmov) z poplatkov za vykonanie platobnej operácie prostredníctvom platobnej karty v prospech hráčskeho účtu. 
610 2 0 |a konsolidácia 
610 2 0 |a dane z príjmov 
610 2 0 |a financie verejné 
610 2 0 |a sadzby daňové 
610 2 0 |a zákony 
610 2 0 |a legislatíva 
100 1 |a Brnová, Miroslava